000 00387nam a22001457a 4500
020 _a9780547647098
082 _a516
_bHOL
100 _aBurger, Edward B.
245 _aHolt McDougal Geometry/
_cEdward B. Burger et al
260 _aUSA:
_bHoughton Mifflin Harcourt;
_c2012.
300 _a926p ,
563 _aHB
650 _aMathematics
_aGeometry
_9131197
942 _2ddc
_cBK
999 _c615189
_d615189